[Event "Berdsk Maestro op 15th"]
[Site "Berdsk"]
[Date "2009.07.16"]
[Round "9"]
[White "Petrukhina, Irina"]
[Black "Popov, Danil"]
[Result "1-0"]
[WhiteElo "2055"]
[BlackElo "1833"]
[PlyCount "76"]
[EventDate "2009.07.08"]
[EventType "swiss"]
[EventRounds "9"]
[EventCountry "RUS"]
[SourceTitle "EXT 2022"]
[Source "ChessBase"]
[SourceDate "2021.10.06"]
[SourceVersion "1"]
[SourceVersionDate "2021.10.06"]
[SourceQuality "1"]

1. d4 Nf6 2. c4 g6 3. Nc3 Bg7 4. e4 d6 5. Bg5 h6 6. Bh4 0-0 7. f4 Nc6 8. d5 Nb8 9. Nf3 Nbd7 10. Bd3 Nc5 11. 0-0 Nh5 12. f5 Nxd3 13. Qxd3 g5 14. Bf2 Nf4 15. Qd2 e6 16. Be3 Nh5 17. Nd4 e5 18. Nf3 g4 19. Ne1 Kh7 20. g3 Nf6 21. Nd3 c5 22. Nf2 Bd7 23. Qe2 h5 24. h3 gxh3 25. g4 Nxg4 26. Nxg4 Qh4 27. Nh2 Bf6 28. Kh1 Rg8 29. Nf3 Qg3 30. Rg1 h4 31. Rxg3 hxg3 32. Ng5+ Rxg5 33. Bxg5 Bxg5 34. Qh5+ Bh6 35. Qxf7+ Kh8 36. Qf6+ Bg7 37. Qh4+ Kg8 38. Qxg3 Kf7 1-0

[Event "Berdsk Maestro op 15th"]
[Site "Berdsk"]
[Date "2009.07.13"]
[Round "6"]
[White "Popov, Danil"]
[Black "Borodaenko, Dmitry"]
[Result "1-0"]
[WhiteElo "1833"]
[BlackElo "2041"]
[PlyCount "73"]
[EventDate "2009.07.08"]
[EventType "swiss"]
[EventRounds "9"]
[EventCountry "RUS"]
[SourceTitle "EXT 2022"]
[Source "ChessBase"]
[SourceDate "2021.10.06"]
[SourceVersion "1"]
[SourceVersionDate "2021.10.06"]
[SourceQuality "1"]

1. d4 Nf6 2. c4 e6 3. Nf3 b6 4. Nc3 Bb4 5. a3 Bxc3+ 6. bxc3 d6 7. Bg5 Bb7 8. Qc2 Nbd7 9. e3 0-0 10. Bd3 h6 11. Bh4 Qe7 12. 0-0 e5 13. Nd2 e4 14. Be2 Rae8 15. Qa4 Kh8 16. c5 a6 17. c6 b5 18. Bxb5 Nb6 19. Qa5 axb5 20. cxb7 g5 21. Bg3 Rb8 22. Qxb5 Rxb7 23. a4 Rfb8 24. Rfb1 d5 25. a5 c6 26. Qxc6 Nc4 27. Rxb7 Rxb7 28. Nxc4 dxc4 29. Be5 Kg7 30. Bxf6+ Qxf6 31. Qxb7 h5 32. a6 h4 33. a7 h3 34. Qxe4 hxg2 35. a8Q Qxf2+ 36. Kxf2 g1Q+ 37. Rxg1 1-0